01005cam a2200289 a 4500001000400000003001000004005001700014008004100031020001800072040002500090080001900115090002000134100002200154245012900176260003800305300002700343490003600370504002500406650002500431650002200456650003200478650002300510830003300533942001200566952012400578999001300702269BR-CuiBMT20231107170528.0230914s2016 mgba 000 0 por d a9788545001508 aBR-CuiBMTcBR-CuiBMT 22007a34:336.2 a34:336.2bR467c1 aRezende, Fernando10aConflitos federativos :besperanças e frustrações - em busca de novos caminhos para a solução /cFernando Rezende. aBelo Horizonte :bFórum,c2016. a128 p. :bil. ;c22 cm1 aColeção Fórum IRB ;vv. 1 aInclui bibliografia. aDireito tributário aDireito público aAdministração pública aFederalismo fiscal 0aColeção Fórum IRB ;v1 2udccLV 00102udc4070aBIBTCEMTbBIBTCEMTd2023-06-28l0o34:336.2 R467cpBIBTCEMT23090051r2023-09-14tEx. 1w2023-09-14yLV c269d269